beta oxydation - Statistiques

Statistiques générales
  • Ce quiz a été pris 64 fois
  • Le résultat moyen est 5 sur 10
Statistiques - réponses
Hint Réponse % Correct
molécule 1 acyl CoA
88%
molécule 5 acyl CoA
88%
molécule 5 acetyl CoA
53%
molécule 2 enoyl CoA
53%
enzyme 1 acyl CoA deshydrogénase
41%
molécule 3 hydroxyacyl CoA
35%
enzyme 2 enoyl CoA hydratase
29%
enzyme 3 hydroxyacyl CoA deshydrogénase
24%
molécule 4 ketoacyl CoA
24%
enzyme 4 acyl CoA acetyltransferase
18%
Aucun quiz correspondant
Distribution des résultats
% des personnes avec chaque résultat
Percentile par nombre de réponses
Votre historique - résultats
Vous n’avez pas pris ce quiz